[Event "Sinquefield Cup 7th"]
[Site "Saint Louis"]
[Date "2019.08.27"]
[Round "10"]
[White "Carlsen, Magnus"]
[Black "So, Wesley"]
[Result "1-0"]
[WhiteElo "2882"]
[BlackElo "2776"]
[Annotator "Nielsen,Peter Heine"]
[PlyCount "85"]
[EventDate "2019.08.17"]
[EventType "tourn"]
[EventRounds "9"]
[EventCountry "USA"]
[EventCategory "22"]
[SourceTitle "CBM 192"]
[Source "ChessBase"]
[SourceDate "2019.10.31"]
[SourceVersion "1"]
[SourceVersionDate "2019.10.31"]
[SourceQuality "1"]

{[%evp 0,57,19,38,25,7,30,27,27,7,3,9,16,2,13,-5,17,-8,10,0,24,2,3,-8,3,13,26,
24,27,27,22,19,4,5,6,-13,-24,-17,-24,-13,0,-34,-42,-5,0,-13,-19,7,53,53,44,-12,
8,0,0,0,0,0,0,0]} 1. e4 $5 {Starting off with 9 draws the strategic situation
for the world champion was pretty simple, nothing short of 2 wins would leave
any chance of first place. This being his 6th white, it was still the first
game where Magnus opened with the king's pawn, having recently preferred a
more 1.d4 based approach, but in the moment of need, it felt like time for a
surprise.} e5 2. Nf3 Nc6 {Wesley is loyal to his solid approach, inviting to a
Berlin.} 3. Bc4 {This used to be considered basically inferior to 3.Bb5 and
the Ruy Lopez, but as this position appeared 10(!) times in the Sinquefield
Cup, it indicates the present preferences of the top players. Compared to 3.
Bb5 it has the advantage of leading to less forced lines.} Bc5 4. O-O Nf6 5. d3
O-O 6. c3 d6 7. h3 h6 $5 ({Earlier in the tournament Wesley had tried the more
extravagant} 7... a6 8. a4 Ba7 9. Re1 Kh8 $5 {ambitiously aiming for ...Ng8
and ...f5, but fearing Magnus preparation he sensibly chooses one of the main
lines.}) 8. Re1 a6 9. a4 a5 $5 {Obviously a strange looking move, moving the
a-pawn continiously. But there is logic behind it:} ({After the immediate} 9...
Be6 {, then} 10. Bxe6 fxe6 11. b4 Ba7 12. Nbd2 {leads to troubles for Black
like in e.g. Anand-Carlsen from Stavanger 2017 as White's expansion on the
queenside makes a lot of difference in the ...fxe6 structures. The space
itself obviously, but also that a rook on a2 will defend the f2-pawn
eventually.}) {Now, however, Black uses the possibility to fix the queenside
structure. One could argue why not 8...a5 then? It is a reasonable move,
played by Ding, but there potentially White has the option of a3+b4, while now
the b4-square is definitely under Black's control.} 10. Nbd2 Be6 {As explained
previously, the benefit of having played ...a5 is that Black now can play ...
Be6 without fearing the ...Bxe6 fxe6 structures, and So obviously exploits
that:} 11. Bb5 $5 Na7 12. d4 Nxb5 13. dxc5 $5 {Earlier this year in Wijk Aan
Zee, Giri took back on b5 against Anand, with the game ending in a quick draw.}
Na7 14. b3 Re8 {Still common ground, White's concept is that 14...Nc6 is met
by 15 cxd6 cxd6 ( 15...Qxd6? 16 Ba3! wins an exchange, and is the point of 14
b3) 16Ba3 Re8 17 c4! when the resulting pawn structure heavily favours White,
explaining why So had to put his rook on e8, in order to be able to take back
on d6 with the queen.} 15. cxd6 Qxd6 16. Ba3 c5 {Grischuk played 16...Qa6
against MVL in the 2017 World Cup, but while he got a good position in the
game, the computer very much prefers 16...c5.} 17. Nc4 $5 {Over the board
inspiration, and making the inclusion of b3 having a positive effect. MVL had
a later game with Karjakin in 2019 where he continued 17.Qe2, but Magnus' move
is, despite the exchange of queens, somewhat more aggressive.} Qxd1 18. Raxd1
Bxc4 {For a human, an obvious choice, but the computers actually insists that
18...Nd7 also is a reasonable move as after 19 Ne3, which seems to nicely give
White control over the d5 square, after 19...Red8 20 Nd5 Rb8, it indeed is
difficult for White to make any reasonable progress. Being a human being, So,
however, obviously took the knight.} 19. bxc4 {Explaining the games to the
commentators, Magnus said that this was paying a bit of hommage to Mikhail
Botvinnik who in numerous games showed the dynamic potential of this exact
pawn structure where the doubled pawns obviously are potential weaknesses and
thus the position is much sharper than it appears at first sight: Black needs
to hurry, as seen in the game White's potential is huge if the position
stabilizes.} b6 $6 ({The computers strongly suggest} 19... Rac8 $1 {the idea
being to protect the b7-pawn from c7, and then regrouping with ...Nc8/d6
immediately attacking White's fragile c4-pawn. At first the computers says
Black is better, but after a while settles on} 20. Nh2 (20. Nh4 g6 21. f3 {
followed by g4/Ng2-e3 leads to similar positions.}) 20... Rc7 21. Nf1 Nc8 22.
Ne3 Nb6 23. Rb1 Nxa4 24. f3 {when White has sacrificed a pawn, and offers a
second on c3, but as compensation gets serious initiative combing threats via
the b-line with the knight landing on d5. White is neither better nor worse,
but the position is very interesting with rich possibilities for both to
outplay the opponent.}) {So instead chooses solidity, but this permanently
places the initiative with White.} 20. Nh4 Rad8 21. f3 g6 22. g3 {22.g4
intending the same knight regrouping as in the game, but at the same time
stopping Black's ...Nh5 had merits, but Magnus wanted to keep his own kingside
structure as flexible as possible.} Nh5 23. Kf2 Nc6 $6 {Again Wesley's choice
is more solid than good.} (23... Nc8 {23...Nc8!? would reroute the knight to
d6, attacking the c-pawn and after} 24. Ng2 Nd6 25. Ne3 f5 {create some
counterplay.}) {But So believes in the solidity of his position.} 24. Bc1 Kg7
25. Be3 Rxd1 ({Once again} 25... Ne7 26. Ng2 f5 $1 {was called for, creating
some counterplay, but its repeating the previous remark, as Black's play is
based on the wrong assumption that he has an impregnable fortress.}) 26. Rxd1
Rd8 27. Rb1 $1 {Keeping a pair of rooks is an absolute neccesity.} Rb8 28. Ng2
Nf6 29. Ke2 Ne8 30. Bf2 Nd6 31. Ne3 Ne7 $2 {Blacks position was bad, much
worse than it looks, but with this it becomes just plainly lost. But again:
Black thinks he has a fortress.} 32. Nd5 $1 Nxd5 33. cxd5 Rb7 34. Kd3 {One
could argue a slight inaccuracy, the computer prefers 34 c4!?.} f5 {This
created a weakness on e5, but as White anyway could force that with f4xe5
after a black ...f6, it makes no difference.} ({But even after} 34... c4+ 35.
Kd2 Nc8 36. Bc5 $1 {followed by the f4 break, Blacks position will collapse
rather quickly.}) 35. c4 fxe4+ $5 {Facing reality, So alternates his plan,
tries to complicate.} ({The problem is, as Magnus happily explained after the
game, that the "fortress" after} 35... Kf6 36. g4 f4 37. Be1 g5 38. Bc3 $1 {
has one problem: Yes, everything is solididly protected and White can do no
harm to Black's position on his own. But as Black is not allowed to "pass",
Zugzwang here plays its deadly consequence. Black has to make a move, and that
makes his position instantly collapse. The rook needs to protect the b-pawn,
but if it goes to b8, it allows Bxa5. The knight on d6 is needed there to
protect the rook on b7, else Bxa5 again is possible, and as the king is stuck
on f6 protecting e5, and Black has run out of pawn moves, this is a pure and
illustrative zugzwang. Black's position will fall like a cardhouse, when
removing one bit, will eventually make it all fall.}) 36. fxe4 Rf7 {A good try,
even allowing the hope for the trap below.} 37. Rxb6 (37. Be3 Rf3 38. Rxb6 $4
Rxe3+ $1) 37... Rxf2 38. Rxd6 Rf3+ 39. Ke2 $6 {Sloppy technique.} (39. Kd2 Rf2+
40. Ke3 Rc2 41. Kd3 Ra2 42. Rc6 {was a very trivial win. as White gets
connected passed pawns while keeping Black's counterplay to a minimum.}) 39...
Rc3 40. Re6 Rxc4 41. Rxe5 Rxa4 42. Re7+ Kf6 $2 {Returning the favour and
making the win trivial.} (42... Kf8 $1 {would surprisingly force a huge degree
of precision on White's part.} 43. Re6 $1 {is the only winning move.} ({After} 
43. d6 $2 Rd4 44. e5 a4 45. Ke3 a3 46. Ra7 Rd5 $1 {White cannot successfully
advance his connected passed pawns, as after} 47. Ke4 ({or} 47. Kf4) 47... Rd4+
$1 {the king is forced back, and Black will just return the rook to d5, again
attacking the e5 pawn forcing a repetition.}) 43... Rb4 {again forces
precision, as} 44. Kf3 $1 {is needed. The difference is that after} a4 45. Rxg6
a3 46. Ra6 Rb3+ {now} 47. Kg4 $1 {is available, the point being that after} c4
48. d6 c3 49. Ra8+ Kf7 50. d7 c2 {White simply plays} 51. d8=Q {soon mating
the black king, but if the white king were on f4, then 51...c1Q would be a
check, reversing the table.  Very much a line that the World Champion would be
able to calculate, but still an unneccesary risk to take indeed.}) 43. d6 {
44.e5+ follows next, and the pawns marches through.} 1-0

[Event "Tata Steel-A 78th"]
[Site "Wijk aan Zee"]
[Date "2016.01.22"]
[Round "6"]
[White "So, Wesley"]
[Black "Caruana, Fabiano"]
[Result "1/2-1/2"]
[WhiteElo "2773"]
[BlackElo "2787"]
[Annotator "Pavlovic,M"]
[PlyCount "159"]
[EventDate "2016.01.16"]
[EventType "tourn"]
[EventRounds "13"]
[EventCountry "NED"]
[EventCategory "20"]
[SourceTitle "CBM 171"]
[Source "ChessBase"]
[SourceDate "2016.03.14"]
[SourceVersion "2"]
[SourceVersionDate "2016.03.14"]
[SourceQuality "1"]

1. e4 e5 2. Nf3 Nc6 3. Bc4 Bc5 4. O-O Nf6 5. d3 d6 6. c3 a6 {Another recent
example from a similar type of play used by the World Champion:} (6... h6 7. a4
a5 $5 {not an usual reaction} 8. Na3 $5 O-O 9. Nc2 Re8 10. Re1 Ba7 11. Be3 $1
Be6 12. Bb5 $1 Bd7 13. Bxa7 Nxa7 14. Bc4 Be6 15. Bxe6 Rxe6 16. Ne3 Nc8 17. Nf5
Ne7 18. d4 exd4 19. N3xd4 Re5 20. Ng3 Ng6 21. Qc2 c6 22. Rad1 Qc7 23. Ndf5 $14
{1-0 (66) Carlsen,M (2844)-Adams,M (2744) Wijk aan Zee NED 2016}) 7. Re1 {
A similar move order but the idea is the same as was also seen just recently:}
(7. a4 O-O 8. Re1 h6 9. h3 Be6 10. Bxe6 fxe6 11. Be3 Bxe3 12. Rxe3 Qd7 13. Nbd2
Qf7 14. g3 Nd7 15. Kg2 (15. b4 $1 {In my opinion this simply had to be played.}
) 15... a5 $1 16. Qc2 Nc5 17. Rf1 Qd7 18. b3 Ne7 19. Nc4 b5 20. axb5 Qxb5 21.
Rb1 Nc6 $132 {0-1 (45) Giri,A (2798)-Anand,V (2784) Zurich 2016}) 7... Ba7 8.
a4 $5 {As we see this little idea has been enjoying some popularity.} Be6 (8...
O-O 9. Na3 $5 h6 10. Nc2 Re8 11. Be3 $1 Be6 12. Bxe6 Rxe6 13. Bxa7 Rxa7 14. d4
exd4 15. Nfxd4 Nxd4 16. Qxd4 Ra8 17. f3 a5 18. Ne3 Qd7 19. Red1 b6 20. Qc4 Rae8
21. Qb5 {½-½ (38) So,W (2773)-Mamedyarov,S (2747) Wijk aan Zee 2016. With a
tiny plus, nevertheless an interesting strategy.}) 9. Bxe6 fxe6 10. Qb3 Qc8 11.
Be3 Bxe3 12. Rxe3 O-O 13. Nbd2 Na5 14. Qa2 c5 15. d4 c4 16. b4 cxb3 17. Nxb3
Nc4 18. Ree1 Qc6 $6 {Imprecise play; a better way was:} (18... Nh5 $5 19. Nbd2
Nxd2 20. Qxd2 Nf4 21. Re3 exd4 22. cxd4 Qe8 23. Qb2 Qg6 24. Ne1 Rf7 $13) 19.
Nc5 $1 {Now the initiative is on the white side.} dxc5 20. Qxc4 exd4 21. cxd4
Nd7 22. a5 Rac8 23. d5 exd5 24. exd5 Qd6 25. Re6 Qf4 26. Re4 Qd6 27. Rb1 $16
Rb8 28. Re6 Qf4 29. Qe2 c4 $1 {Black finds an interesting way to simplify even
at the cost of a pawn.} 30. Re4 Qf5 31. Qxc4 b5 32. axb6 Nxb6 33. Qe2 Nxd5 34.
Rxb8 Rxb8 35. Re8+ Rxe8 36. Qxe8+ Qf8 37. Qe6+ Qf7 38. Qxa6 {Pawn up for White,
but he was not able to break down Black's very good defence.} h6 39. Qc8+ Kh7
40. h4 Qg6 41. Qb8 Qe4 42. Qb7 Qf5 43. Qb5 Qe4 44. Nd2 Qe1+ 45. Nf1 Nf6 46.
Qd3+ Kg8 47. g3 Kf7 48. Kg2 Qe4+ 49. Qxe4 Nxe4 50. Ne3 h5 51. Kf3 Nc5 52. Nd5
g6 53. Nf4 Kf6 54. Ke3 Kf5 55. f3 Nd7 56. Nd3 Nf8 57. Nc5 Ke5 58. g4 hxg4 59.
fxg4 Nh7 60. Nd3+ Ke6 61. Kf4 Nf6 62. Kg5 Kf7 63. Nf4 Kg7 64. Ne6+ Kf7 65. Nc5
Kg7 66. Kf4 Nd5+ 67. Ke5 Ne3 68. Kf4 Nd5+ 69. Ke4 Nf6+ 70. Kf3 Nd5 71. Nd3 Kf6
72. Nf2 Ke6 73. Ke4 Nf6+ 74. Kf4 Kf7 75. Ke5 Ke7 76. g5 Nd7+ 77. Kf4 Ke6 78.
Ng4 Nb6 79. Nf6 Nc4 80. Ke4 1/2-1/2

[Event "Norway Chess 4th"]
[Site "Stavanger"]
[Date "2016.04.19"]
[Round "1"]
[White "Giri, Anish"]
[Black "Eljanov, Pavel"]
[Result "1-0"]
[WhiteElo "2790"]
[BlackElo "2765"]
[Annotator "Pavlovic,M"]
[PlyCount "71"]
[EventDate "2016.04.19"]
[EventType "tourn"]
[EventRounds "9"]
[EventCountry "NOR"]
[EventCategory "21"]
[SourceTitle "CBM 172"]
[Source "ChessBase"]
[SourceDate "2016.05.12"]
[SourceVersion "1"]
[SourceVersionDate "2016.05.12"]
[SourceQuality "1"]

1. e4 e5 2. Nf3 Nc6 3. Bc4 Bc5 4. O-O Nf6 5. d3 d6 6. c3 O-O 7. Re1 a5 $5 {
An unorthodox approach. I found an old game played by Spassky! This means that
the idea can't be taken lightly. The usual move is 7...a6 and indeed Eljanov
didn't repeat this experiment at a later stage of the tournament, but simply
went ...a6.} 8. Bg5 {Considering that any move is possible, this one is
probably the sharpest.} (8. Nbd2 Kh8 9. Nf1 Be6 10. Bb5 Bd7 11. Ng3 Bb6 12. Be3
Bxe3 13. Rxe3 Ne7 14. Bxd7 Qxd7 15. d4 Nc6 16. a4 Rfe8 17. h3 Kg8 {1/2-1/2 (22)
Ehlvest,J (2620)-Spassky,B (2580) Clermont Ferrand 1989. Black has a solid
position.}) 8... h6 9. Bh4 g5 10. Bg3 Ba7 11. Na3 $1 {Using the fact that the
b5-square is now vacant.} Bg4 12. h3 Bh5 13. Nc2 Bg6 {There are other ideas as
well:} (13... Nd7 {(with the idea ...Qf6)} 14. Ne3 Bxe3 $5 15. Rxe3 Nb6 16. Bb3
a4 17. Bc2 f5 (17... d5 $5 18. Bh2 f6 $13) 18. exf5 Rxf5 19. d4 exd4 20. cxd4
Rf7 21. a3 Qf8 22. Qd3 Qg7 23. Rae1 Raf8 {Ok. That is one possible interesting
line which would lead us to chances for both sides.}) 14. Bh2 Nh5 15. d4 {
The knight on c2 supports the d4-pawn, also having in mind Ne3 at some point,
but there is one problem: the pawn on e4 is not well defended.} Nf6 $1 16. dxe5
Nxe4 {An alternative was very much possibe but required really good
calculation:} (16... dxe5 17. Bd5 g4 18. hxg4 (18. Bxc6 gxf3 19. Qxd8 Rfxd8 20.
Bxe5 Rd2 21. Ne3 Bxe4 22. Ba4 Nd5 {doesn't look bad for Black}) 18... Nxg4 19.
Bg3 Ne7 20. Bc4 Qxd1 21. Raxd1 Rfd8 22. Nd2 h5 23. Kf1 Rd7 24. Ke2 Rad8 25. Rf1
{with f3 in mind and perhaps some small advantage for White.}) 17. Ne3 Nxe5 ({
Another idea is} 17... dxe5 18. Qc2 $1 Kh7 19. Bd3 Nc5 20. Bxg6+ fxg6 21. Nxe5
Nxe5 22. Bxe5 Qd3 23. Bd4 $14) 18. Nxe5 {Logical and good.} (18. Bxe5 dxe5 19.
Qc2 $5 Kg7 20. Nxe5 (20. Bd3 g4 $1 (20... Nxf2 21. Bxg6 e4 22. Bf5 Nd3 23. Bxe4
Nxe1 24. Rxe1 $14) 21. hxg4 Nxf2 22. Qxf2 Qxd3 $15) 20... Qd2 21. Qxd2 Nxd2 22.
Bd5 c6 23. Rad1 Bxe3 24. Rxe3 Rad8 25. Rxd2 Rxd5 26. Rxd5 cxd5 27. Nxg6 fxg6 {
After one of many possible long sequences of moves we have reached an equal
endgame.}) 18... dxe5 19. Ng4 h5 $6 (19... Kh7 20. Bd5 (20. Qxd8 Raxd8 21. Rxe4
Bxe4 22. Nf6+ Kg6 23. Nxe4 f5 24. Ng3 Rd2 $17) 20... Nf6 21. Bxe5 Nxg4 (21...
Nxd5 22. Qxd5 Qxd5 23. Nf6+ Kg7 24. Nxd5+ f6 25. Bg3 $16) 22. hxg4 c6 23. Bf3
Qxd1 24. Raxd1 Rfe8 $11 25. Rd7 $2 Bb8 $17) 20. Rxe4 $1 Bxe4 21. Qxd8 Rfxd8 22.
Nf6+ Kg7 (22... Kf8 23. Nxe4 f5 24. Nxg5 Rd2 25. Rf1 $18) 23. Nxe4 f6 {This
structure is bad because Black lacks the possibility to make progress.} 24. g4
$1 h4 25. a4 {Engines give the position as equal, but we know that it is not
like that. Black has no entry point for either of the rooks and a slow
build-up will eventually prevail.} c6 26. Kf1 Kg6 27. Ke2 Rab8 28. Be6 Kg7 29.
f3 Re8 30. Bc4 Red8 31. Bd3 {Black is runing out of useful moves...} Kf7 32.
Nd2 Ke7 $6 {A mistake that loses at once.} (32... Ra8 33. Nc4 Bc5 34. Bg1 Bxg1
35. Rxg1 $16) 33. Nc4 Rd5 34. Be4 Rc5 35. Nd2 {The rook is trapped in the
middle of the board.} b5 36. Bg1 1-0